Código de procedimiento civil. Citas de jurisprudencia. Anotaciones y concordancias. Índice temático.

Guardado en:
Detalles Bibliográficos
Autor Corporativo: Chile
Otros Autores: Cortez Matcovich, Gonzalo, Ríos García, Alejandra
Formato: Libro
Lenguaje:español
Publicado: Santiago, Chile: LexisNexis, 2007
Edición:Séptima Edición.
Materias:
Etiquetas: Agregar Etiqueta
Sin Etiquetas, Sea el primero en etiquetar este registro!

MARC

LEADER 00000nam a2200000 a 4500
001 UCI3569
003 CL-VaPUC
005 20250416110211.0
008 071116e20070000CL |||||||||||||||||spa|d
999 |c 327714  |d 327712 
020 |a 9562384497 
040 |c Pontificia Universidad Católica de Valparaíso 
082 0 4 |a 347.83 CHI 2007  |2 21 
110 1 |a Chile  |9 890760 
245 1 0 |a Código de procedimiento civil.  |b Citas de jurisprudencia. Anotaciones y concordancias. Índice temático. 
250 |a Séptima Edición.  |b Actualizada al 16 de febrero de 2007. 
260 |a Santiago, Chile:  |b LexisNexis,  |c 2007 
300 |a 391 páginas 
505 |a Mensaje del Código de Procedimiento Civil. Mensaje sobre modificaciones a este Código. Decreto N.º 1.107, del Ministerio de Justicia, que aprueba el texto del Código. Ley N.º 1.552. Aprueba Código de Procedimiento Civil. -Libro Primero. Disposiciones Comunes a Todo Procedimiento. -Libro Segundo. Del Juicio Ordinario. -Libro Tercero. De los Juicios Especiales. -Libro Cuarto. De los Actos Judiciales No Contenciosos. Apéndice: -Ley N.º 18.120. Establece normas sobre Comparecencia en Juicio y modifica los artículos 4° del Código de Procedimiento Civil y 523 del Código Orgánico de Tribunales. (D.O. de 18 de mayo de 1982) -Ley N.º 14.908. Sobre Abandono de Familia y Pago de Pensiones Alimenticias. (D.O. de 30 de mayo de 2000) -Ley N.º 16.271. Ley de Impuesto a las Herencias, Asignaciones y Donaciones. (D.O. de 30 de mayo de 2000) -Ley N.º 20.066. Establece Ley de Violencia Intrafamiliar. (D.O. de 7 de octubre de 2005) 
583 |a last modification  |c 20180503 08:53:04  |k Rodrigo Vera 
650 1 |a Derecho civil chileno  |9 320612 
650 1 |a Procedimiento civil  |z Chile  |9 890903 
650 1 0 |a Código civil chileno  |9 255931 
650 1 |a Juicio ordinario   |9 254867 
650 1 |a Juicios especiales   |9 348378 
650 1 |a Actos judiciales no contenciosos  |9 391844 
700 |a Cortez Matcovich, Gonzalo  |9 861329 
700 |a Ríos García, Alejandra  |9 890917 
942 |c BK  |2 ddc 
945 |d 20071116 00:00:00  |a jtorresc 
952 |0 0  |1 0  |4 0  |6 347_830000000000000_CHI_2007  |7 0  |8 R  |9 411025  |a BIBDER  |b BIBDER  |d 2019-11-22  |i 4388119  |o 347.83 CHI 2007  |p 4388119  |r 2023-01-25  |w 2019-11-22  |y BK_R  |k DER 
952 |0 0  |1 0  |4 0  |6 347_830000000000000_CHI_2007  |7 0  |8 R  |9 411028  |a BIBDER  |b BIBDER  |d 2019-11-22  |i 4388151  |o 347.83 CHI 2007  |p 4388151  |r 2023-01-25  |w 2019-11-22  |y BK_R  |k DER 
952 |0 0  |1 0  |4 0  |6 347_830000000000000_CHI_2007  |7 0  |8 R  |9 411029  |a BIBDER  |b BIBDER  |d 2019-11-22  |i 438816K  |o 347.83 CHI 2007  |p 438816K  |r 2023-01-25  |w 2019-11-22  |y BK_R  |k DER